000 00219nam a22000857a 4500
008 170111b xxu||||| |||| 00| 0 eng d
100 _92318
_aTandon.N.
245 _aStatistics for Economics-XI
260 _aNew Delhi
_bGPH
_c2011
999 _c5250
_d5250